| 000 | 00964nam a22002297a 4500 | ||
|---|---|---|---|
| 003 | 0 | ||
| 005 | 20251104100608.0 | ||
| 008 | 251104b xxu||||| |||| 00| 0 eng d | ||
| 020 | _a978-0-316-46291-4 | ||
| 050 |
_aBF 637.S8 _b.G53 2019 |
||
| 100 |
_aGladwell, Malcolm, _eauthor. |
||
| 245 |
_aTalking to strangers : _bwhat we should know about the people we don't know / _cMalcolm Gladwell. |
||
| 260 |
_aNew York : _bLittle, Brown and Company, _c2019. |
||
| 300 |
_axii, 386 pages : _billustrations ; _c18 cm. |
||
| 500 | _a“A Malcolm Gladwell book” label. Includes case studies and interviews. | ||
| 504 | _aIncludes bibliographical references and index. | ||
| 520 | _aExamines why we fail to understand strangers, exploring cases from Sandra Bland to spies and financial fraud to demonstrate how our assumptions often mislead us. | ||
| 650 | _aInterpersonal communication. | ||
| 650 | _aSocial psychology. | ||
| 650 | _aTrust. | ||
| 942 |
_2lcc _cBK |
||
| 999 |
_c368442 _d368442 |
||